[Event "Ottawa op"]
[Site "Ottawa CAN"]
[Date "1997.09.28"]
[Round "5"]
[White "Laurin, Marcel"]
[Black "Cohen, David"]
[Result "0-1"]
[WhiteElo "1974"]
[BlackElo "1912"]
[PlyCount "110"]
[GameId "2160767911932036"]
[EventDate "1997.09.27"]
[EventType "swiss"]
[EventRounds "5"]
[EventCountry "CAN"]

1. d4 Nf6 2. c4 e6 3. a3 Be7 4. Nc3 d5 5. Bf4 c6 6. c5 O-O 7. h3 b6 8. cxb6 axb6 9. e3 Ba6 10. Bxa6 Nxa6 11. Nf3 c5 12. dxc5 bxc5 13. O-O Qb6 14. Qc2 Rfd8 15. Ne5 Nd7 16. Nxf7 Kxf7 17. Qxh7 Rh8 18. Qc2 Qc6 19. Ne2 Bf6 20. Rfd1 Ne5 21. Bxe5 Bxe5 22. f4 Bf6 23. f5 e5 24. Nc3 Rhd8 25. Qe2 Nc7 26. Qh5+ Ke7 27. Qg6 Rh8 28. Qg3 d4 29. exd4 cxd4 30. Na2 Nd5 31. Qf3 Qd7 32. Rd3 Rab8 33. Qe4 Rh4 34. g4 Nf4 35. Rg3 Nxh3+ 36. Rxh3 Rxh3 37. g5 Rg3+ 38. Kf2 Rxg5 39. Nb4 Qxf5+ 40. Qxf5 Rxf5+ 41. Ke2 Kd6 42. Rc1 Rb6 43. Rc8 e4 44. Re8 Be7 45. b3 Rf8 46. Rxe7 Kxe7 47. Nd5+ Kd6 48. Nxb6 Rb8 49. Nc4+ Kd5 50. Na5 g5 51. b4 g4 52. Nb3 g3 53. Nc5 d3+ 54. Ke3 g2 55. Kf2 d2 0-1

[Event "Ottawa op"]
[Site "Ottawa CAN"]
[Date "1997.09.28"]
[Round "5"]
[White "Pacey, Kevin"]
[Black "Ferguson, Peter"]
[Result "1-0"]
[WhiteElo "2276"]
[BlackElo "2280"]
[PlyCount "47"]
[GameId "2160767911932037"]
[EventDate "1997.09.27"]
[EventType "swiss"]
[EventRounds "5"]
[EventCountry "CAN"]
[SourceTitle "EXT 2022"]
[Source "ChessBase"]
[SourceDate "2021.10.06"]
[SourceVersion "1"]
[SourceVersionDate "2021.10.06"]
[SourceQuality "1"]

1. d4 f5 2. g3 g6 3. Bg2 Bg7 4. c4 Nf6 5. Nc3 O-O 6. Nh3 d6 7. d5 c6 8. Nf4 g5 9. Nd3 h6 10. h4 g4 11. Nf4 Qe8 12. Be3 e5 13. dxe6 Bxe6 14. Qd3 Nbd7 15. Rd1 Ne5 16. Qxd6 Bxc4 17. b3 Bf7 18. O-O Nh5 19. Na4 b6 20. Qc7 Nf3+ 21. exf3 Be5 22. Qd7 Qb8 23. Nxh5 Bxh5 24. f4 1-0

[Event "Ottawa op"]
[Site "Ottawa CAN"]
[Date "1997.09.28"]
[Round "5"]
[White "Salcedo, Daniel"]
[Black "Teuton, Frank"]
[Result "0-1"]
[WhiteElo "2199"]
[BlackElo "2225"]
[PlyCount "110"]
[GameId "2160767911932038"]
[EventDate "1997.09.27"]
[EventType "swiss"]
[EventRounds "5"]
[EventCountry "CAN"]

1. d4 Nf6 2. c4 c5 3. d5 b5 4. cxb5 a6 5. b6 Qxb6 6. Nc3 g6 7. e4 d6 8. Nf3 Bg4 9. Be2 Nbd7 10. O-O Bg7 11. Nd2 Bxe2 12. Qxe2 O-O 13. Nc4 Qc7 14. Bg5 Nb6 15. Ne3 Qd7 16. Qd1 Rfb8 17. Rc1 Ne8 18. Ng4 h5 19. Nh6+ Kh7 20. Nxf7 e6 21. Qf3 Ra7 22. Nd8 exd5 23. exd5 Rxd8 24. Bxd8 Qxd8 25. Rce1 Re7 26. g4 Nf6 27. h3 Nc4 28. Re2 Ne5 29. Qh1 Nd3 30. Qf3 Rxe2 31. Nxe2 Ne5 32. Qh1 Qb6 33. g5 Ng8 34. Qe4 Qb4 35. Ng3 Qxe4 36. Nxe4 Nf3+ 37. Kg2 Nh4+ 38. Kh1 Nf5 39. b3 Nge7 40. b4 cxb4 41. Rd1 Be5 42. Nf6+ Kg7 43. Ne8+ Kf7 44. Nc7 a5 45. Kg2 a4 46. Kf3 b3 47. a3 Nd4+ 48. Ke4 Nc2 49. Nb5 Nc8 50. f4 Bb2 51. Kd3 Bxa3 52. Nc3 Nb6 53. Rf1 Bc5 54. h4 Ne3 55. Re1 a3 0-1

[Event "Outaouais op"]
[Site "Gatineau CAN"]
[Date "1997.10.31"]
[Round "1"]
[White "Chobanov, Gabriel"]
[Black "Cohen, David"]
[Result "0-1"]
[WhiteElo "1877"]
[BlackElo "1961"]
[PlyCount "82"]
[GameId "2160767911874441"]
[EventDate "1997.10.31"]
[EventType "swiss"]
[EventRounds "5"]
[EventCountry "CAN"]

1. d4 Nf6 2. c4 e6 3. Nf3 b6 4. Nc3 Bb7 5. e3 Bb4 6. Be2 Ne4 7. Qc2 Bxc3+ 8. bxc3 d6 9. O-O O-O 10. Rd1 Nd7 11. a4 a5 12. Bb2 f5 13. d5 e5 14. Ne1 Qg5 15. g3 Rf6 16. f4 Qh6 17. Nf3 Rg6 18. Bd3 Ndc5 19. Ba3 Nxd3 20. Qxd3 Nxg3 21. Qc2 Ne4+ 22. Kh1 exf4 23. Nd4 Ng3+ 24. Kg2 Ne2+ 25. Kh1 Nxd4 26. exd4 Qh5 27. Qd3 Rg3 28. Qf1 Re8 29. Re1 Rxe1 30. Rxe1 Qf3+ 31. Qxf3 Rxf3 32. Re7 Rxc3 33. Bxd6 cxd6 34. Rxb7 Rxc4 35. Rxb6 Rxa4 36. Rxd6 Rxd4 37. Rd8+ Kf7 38. Rd7+ Kf6 39. d6 g5 40. Ra7 f3 41. Rxa5 Rd1# 0-1

[Event "Outaouais op"]
[Site "Gatineau CAN"]
[Date "1997.10.31"]
[Round "1"]
[White "Kirby, Patrick"]
[Black "Djerkovic, Miladin"]
[Result "0-1"]
[WhiteElo "1826"]
[BlackElo "2232"]
[PlyCount "106"]
[GameId "2160767911874442"]
[EventDate "1997.10.31"]
[EventType "swiss"]
[EventRounds "5"]
[EventCountry "CAN"]
[SourceTitle "EXT 2022"]
[Source "ChessBase"]
[SourceDate "2021.10.06"]
[SourceVersion "1"]
[SourceVersionDate "2021.10.06"]
[SourceQuality "1"]

1. d4 Nf6 2. c4 e6 3. Nf3 b6 4. g3 Bb7 5. Bg2 Be7 6. O-O O-O 7. d5 exd5 8. Nh4 c6 9. cxd5 cxd5 10. Nc3 Na6 11. Nf5 Nc7 12. Bf4 Bc5 13. Bd6 Bxd6 14. Nxd6 Bc6 15. Qd3 g6 16. Ndb5 Nxb5 17. Nxb5 Qe7 18. Nd4 Bb7 19. a3 Rac8 20. Rac1 Rxc1 21. Rxc1 Rc8 22. Rxc8+ Bxc8 23. e3 Qc5 24. Qc2 Qxc2 25. Nxc2 Ba6 26. b3 Kf8 27. Nb4 Bb7 28. Kf1 Ke7 29. h3 Kd6 30. Ke2 Ng8 31. Kd3 Ne7 32. Na2 Nc6 33. Nc3 Ba6+ 34. Kd2 d4 35. exd4 Nxd4 36. b4 f5 37. h4 Bc4 38. Nd1 Bd5 39. Bxd5 Kxd5 40. Kd3 Ne6 41. Ne3+ Kc6 42. h5 d5 43. hxg6 hxg6 44. a4 a5 45. b5+ Kd6 46. f4 Kc5 47. Nc2 d4 48. Ne1 Kd5 49. Nf3 Nc5+ 50. Ke2 Nxa4 51. Ne5 g5 52. Nd7 gxf4 53. gxf4 Ke4 0-1

[Event "Outaouais op"]
[Site "Gatineau CAN"]
[Date "1997.10.31"]
[Round "1"]
[White "Pacey, Kevin"]
[Black "Voloaca, Mihnea"]
[Result "1-0"]
[WhiteElo "2235"]
[BlackElo "2000"]
[PlyCount "93"]
[GameId "2160767911874444"]
[EventDate "1997.10.31"]
[EventType "swiss"]
[EventRounds "5"]
[EventCountry "CAN"]
[SourceTitle "EXT 2022"]
[Source "ChessBase"]
[SourceDate "2021.10.06"]
[SourceVersion "1"]
[SourceVersionDate "2021.10.06"]
[SourceQuality "1"]

1. d4 Nf6 2. Nc3 g6 3. e4 d6 4. f4 Bg7 5. Nf3 c5 6. dxc5 Qa5 7. Bd3 Qxc5 8. Qe2 O-O 9. Be3 Qc7 10. O-O Nc6 11. Kh1 a6 12. e5 dxe5 13. fxe5 Ng4 14. Bf4 Be6 15. Ng5 Ngxe5 16. Nxe6 fxe6 17. Rae1 Rxf4 18. Rxf4 Nxd3 19. Qxe6+ Kh8 20. Nd5 Nxf4 21. Nxc7 Nxe6 22. Nxa8 Ned8 23. c3 Kg8 24. Nb6 Kf7 25. g3 Ne5 26. Rd1 Ndc6 27. Kg2 Bh6 28. Rf1+ Ke6 29. Re1 a5 30. h3 Bd2 31. Re2 Bh6 32. a3 Kd6 33. b4 axb4 34. axb4 Nf7 35. Nc4+ Kc7 36. b5 Ncd8 37. Rxe7+ Kb8 38. b6 Bf8 39. Re8 Bc5 40. Ne5 Bxb6 41. Nxf7 Kc8 42. Rh8 h5 43. Rg8 g5 44. Nxg5 Kd7 45. Rh8 Ba5 46. c4 Nc6 47. Rxh5 1-0

[Event "Outaouais op"]
[Site "Gatineau CAN"]
[Date "1997.11.01"]
[Round "2"]
[White "Bussiere, Denis"]
[Black "Salcedo, Daniel"]
[Result "1/2-1/2"]
[WhiteElo "1542"]
[BlackElo "2079"]
[PlyCount "61"]
[GameId "2160767911874445"]
[EventDate "1997.10.31"]
[EventType "swiss"]
[EventRounds "5"]
[EventCountry "CAN"]
[SourceTitle "EXT 2022"]
[Source "ChessBase"]
[SourceDate "2021.10.06"]
[SourceVersion "1"]
[SourceVersionDate "2021.10.06"]
[SourceQuality "1"]

1. e4 d6 2. f4 Nf6 3. Nc3 g6 4. Nf3 Bg7 5. Bc4 O-O 6. d3 Nc6 7. a3 e6 8. Ba2 d5 9. e5 Nd7 10. Ne2 Ne7 11. d4 b6 12. g4 f5 13. g5 Ba6 14. Be3 c5 15. c3 Bxe2 16. Kxe2 c4 17. h4 Qc7 18. Qg1 b5 19. h5 Rfb8 20. hxg6 hxg6 21. Bd2 Nb6 22. Bb1 Kf7 23. Bc2 Na4 24. Bxa4 bxa4 25. Bc1 Rh8 26. Rxh8 Rxh8 27. Qd1 Qc6 28. Be3 Qb5 29. Qc2 Nc6 30. Kf2 Nb8 31. Kg2 1/2-1/2

[Event "Outaouais op"]
[Site "Gatineau CAN"]
[Date "1997.11.01"]
[Round "2"]
[White "Cohen, David"]
[Black "Jolicoeur, Alain"]
[Result "1-0"]
[WhiteElo "1961"]
[BlackElo "1929"]
[PlyCount "89"]
[GameId "2160767911874446"]
[EventDate "1997.10.31"]
[EventType "swiss"]
[EventRounds "5"]
[EventCountry "CAN"]

1. d4 Nf6 2. Nf3 d6 3. c4 g6 4. Nc3 Bg7 5. e4 O-O 6. Bg5 c5 7. d5 Qa5 8. Qd2 h6 9. Bh4 Bg4 10. e5 dxe5 11. Nxe5 Bf5 12. Bd3 Bxd3 13. Qxd3 Nbd7 14. Bg3 Qb6 15. O-O Nxe5 16. Bxe5 Nd7 17. Bxg7 Kxg7 18. Rfe1 Rfe8 19. Re2 Rad8 20. Rae1 e5 21. f4 f6 22. f5 Rf8 23. Qg3 g5 24. Qh3 Rh8 25. Qh5 Nf8 26. Ne4 Qc7 27. b3 b6 28. Ng3 Qf7 29. Qf3 h5 30. Ne4 Nh7 31. Nxf6 Nxf6 32. Rxe5 Rhe8 33. Qe3 Rxe5 34. Qxg5+ Kh7 35. Rxe5 Re8 36. Re6 Rxe6 37. fxe6 Qg7 38. Qf5+ Kh8 39. d6 Ng4 40. Qxh5+ Kg8 41. Qe8+ Kh7 42. Qd7 Ne5 43. Qxg7+ Kxg7 44. d7 Nc6 45. e7 1-0

[Event "Outaouais op"]
[Site "Gatineau CAN"]
[Date "1997.11.01"]
[Round "2"]
[White "Djerkovic, Miladin"]
[Black "Solunac, Sasha"]
[Result "1-0"]
[WhiteElo "2232"]
[BlackElo "1969"]
[PlyCount "129"]
[GameId "2160767911874447"]
[EventDate "1997.10.31"]
[EventType "swiss"]
[EventRounds "5"]
[EventCountry "CAN"]
[SourceTitle "EXT 2022"]
[Source "ChessBase"]
[SourceDate "2021.10.06"]
[SourceVersion "1"]
[SourceVersionDate "2021.10.06"]
[SourceQuality "1"]

1. e4 e5 2. Nf3 Nc6 3. Bb5 a6 4. Ba4 d6 5. Bxc6+ bxc6 6. d4 exd4 7. Nxd4 c5 8. Ne2 Nf6 9. Nbc3 Be7 10. O-O O-O 11. Re1 Rb8 12. b3 Re8 13. Qd3 Ng4 14. Bb2 Bh4 15. Ng3 Qf6 16. Re2 Ne5 17. Nd5 Nxd3 18. Nxf6+ Bxf6 19. Bxf6 gxf6 20. cxd3 f5 21. Nh5 Re6 22. Nf4 Re5 23. Nd5 fxe4 24. dxe4 c6 25. f4 Re6 26. Nc3 Rb4 27. f5 Re5 28. Rd1 Rd4 29. Red2 Rxd2 30. Rxd2 d5 31. exd5 cxd5 32. Rxd5 Rxd5 33. Nxd5 Kg7 34. g4 h5 35. h3 hxg4 36. hxg4 Bb7 37. Ne3 Kf6 38. Kf2 Be4 39. Kg3 Kg5 40. Nd1 Bd3 41. Nc3 a5 42. Kf3 c4 43. bxc4 Bxc4 44. a3 Bd3 45. Nd5 Ba6 46. Kg3 Be2 47. Ne3 Bb5 48. Nd1 Be2 49. Nf2 Bc4 50. Ne4+ Kh6 51. Kf4 Kg7 52. Ke5 Bb3 53. g5 Bc2 54. Nf6 Bd3 55. Nh5+ Kf8 56. Kf6 Be2 57. Nf4 Bc4 58. Nh3 Bd3 59. Nf2 Be2 60. Ne4 Bc4 61. Nd6 Bb3 62. Nc8 Ba4 63. Ne7 Bd7 64. g6 fxg6 65. fxg6 1-0

[Event "Outaouais op"]
[Site "Gatineau CAN"]
[Date "1997.11.01"]
[Round "2"]
[White "Patterson, Roger"]
[Black "Pacey, Kevin"]
[Result "1-0"]
[WhiteElo "2026"]
[BlackElo "2235"]
[PlyCount "75"]
[GameId "2160767911874449"]
[EventDate "1997.10.31"]
[EventType "swiss"]
[EventRounds "5"]
[EventCountry "CAN"]
[SourceTitle "EXT 2022"]
[Source "ChessBase"]
[SourceDate "2021.10.06"]
[SourceVersion "1"]
[SourceVersionDate "2021.10.06"]
[SourceQuality "1"]

1. e4 e6 2. d4 d5 3. Nc3 Bb4 4. e5 c5 5. a3 Bxc3+ 6. bxc3 Qc7 7. Nf3 b6 8. Bb5+ Bd7 9. Be2 Ba4 10. Bd2 Nd7 11. Rc1 Ne7 12. O-O h6 13. Be3 O-O-O 14. g3 Kb8 15. Nh4 g5 16. Ng2 Nf5 17. f4 cxd4 18. cxd4 Qc3 19. Qd3 Qxd3 20. Bxd3 g4 21. Bxf5 exf5 22. Bd2 Nf8 23. Bb4 Ne6 24. Rfd1 Rc8 25. Ne3 a5 26. Bd6+ Ka7 27. Rd2 Bb3 28. Rb1 Ba2 29. Rb2 Rc3 30. Nxf5 Bc4 31. Kf2 Rf3+ 32. Kg2 h5 33. Rb1 h4 34. Re1 hxg3 35. hxg3 Rh3 36. Rh1 Rfxg3+ 37. Nxg3 Nxf4+ 38. Kf2 1-0

[Event "Outaouais op"]
[Site "Gatineau CAN"]
[Date "1997.11.01"]
[Round "3"]
[White "Lalonde, Paul"]
[Black "Cohen, David"]
[Result "1-0"]
[WhiteElo "2026"]
[BlackElo "1961"]
[PlyCount "79"]
[GameId "2160767911874451"]
[EventDate "1997.10.31"]
[EventType "swiss"]
[EventRounds "5"]
[EventCountry "CAN"]

1. e4 e5 2. Nf3 Nc6 3. Bb5 Nf6 4. O-O d6 5. Nc3 Be7 6. d4 Bd7 7. Re1 exd4 8. Nxd4 Nxd4 9. Qxd4 Bxb5 10. Nxb5 Qd7 11. c4 O-O 12. Bd2 a6 13. Nc3 Rfe8 14. Rad1 Rad8 15. Re3 Ng4 16. Rh3 Bf6 17. Qd3 Ne5 18. Qe2 Qg4 19. f3 Qd7 20. Nd5 Be7 21. f4 Qg4 22. Qxg4 Nxg4 23. Nxc7 Rf8 24. Nd5 Bf6 25. Bc3 Bxc3 26. Nxc3 Rc8 27. b3 b5 28. cxb5 axb5 29. Rg3 b4 30. Nd5 Nh6 31. Ne7+ Kh8 32. Nxc8 Rxc8 33. Rxd6 Rc1+ 34. Kf2 Rc2+ 35. Ke3 Rxa2 36. Rd8+ Ng8 37. Kd4 Rd2+ 38. Rd3 Rxg2 39. Kc4 Rxh2 40. Rxg8+ 1-0

[Event "Outaouais op"]
[Site "Gatineau CAN"]
[Date "1997.11.01"]
[Round "3"]
[White "Pacey, Kevin"]
[Black "Bussiere, Denis"]
[Result "1-0"]
[WhiteElo "2235"]
[BlackElo "1542"]
[PlyCount "49"]
[GameId "2160767911874452"]
[EventDate "1997.10.31"]
[EventType "swiss"]
[EventRounds "5"]
[EventCountry "CAN"]
[SourceTitle "EXT 2022"]
[Source "ChessBase"]
[SourceDate "2021.10.06"]
[SourceVersion "1"]
[SourceVersionDate "2021.10.06"]
[SourceQuality "1"]

1. e4 c6 2. Nc3 d5 3. Qf3 d4 4. Bc4 Nf6 5. e5 dxc3 6. exf6 cxd2+ 7. Bxd2 exf6 8. O-O-O Nd7 9. Nh3 Ne5 10. Rhe1 Be6 11. Rxe5 fxe5 12. Bxe6 fxe6 13. Qh5+ g6 14. Qxe5 Qd5 15. Qxh8 Qxa2 16. Bg5 Qa1+ 17. Kd2 Qa5+ 18. Ke2 Qb5+ 19. Ke1 Qb4+ 20. c3 Qe4+ 21. Kf1 Qc4+ 22. Kg1 Qe2 23. Qd4 Bg7 24. Qd7+ Kf8 25. Nf4 1-0

[Event "Outaouais op"]
[Site "Gatineau CAN"]
[Date "1997.11.01"]
[Round "3"]
[White "Schleifer, Michael"]
[Black "Djerkovic, Miladin"]
[Result "1/2-1/2"]
[WhiteElo "2328"]
[BlackElo "2232"]
[PlyCount "42"]
[GameId "2160767911935893"]
[EventDate "1997.10.31"]
[EventType "swiss"]
[EventRounds "5"]
[EventCountry "CAN"]
[SourceTitle "EXT 2022"]
[Source "ChessBase"]
[SourceDate "2021.10.06"]
[SourceVersion "1"]
[SourceVersionDate "2021.10.06"]
[SourceQuality "1"]

1. Nf3 c5 2. g3 Nc6 3. Bg2 g6 4. e4 Bg7 5. O-O d6 6. c3 Nf6 7. d4 Bg4 8. h3 Bxf3 9. Bxf3 cxd4 10. cxd4 Qb6 11. d5 Ne5 12. Bg2 O-O 13. Qb3 Qxb3 14. axb3 Nd3 15. Nc3 Nd7 16. Rd1 N7c5 17. Ra3 Nxc1 18. Rxc1 Nd3 19. Rb1 Rfc8 20. Bf1 Nxb2 21. Na4 Nxa4 1/2-1/2

[Event "Outaouais op"]
[Site "Gatineau CAN"]
[Date "1997.11.02"]
[Round "4"]
[White "Bussiere, Denis"]
[Black "Hudon, Paul"]
[Result "1-0"]
[WhiteElo "1542"]
[BlackElo "1993"]
[PlyCount "41"]
[GameId "2160767911935894"]
[EventDate "1997.10.31"]
[EventType "swiss"]
[EventRounds "5"]
[EventCountry "CAN"]
[SourceTitle "EXT 2022"]
[Source "ChessBase"]
[SourceDate "2021.10.06"]
[SourceVersion "1"]
[SourceVersionDate "2021.10.06"]
[SourceQuality "1"]

1. e4 e5 2. Nc3 Nf6 3. g3 d5 4. exd5 Nxd5 5. Bg2 Be6 6. Nf3 Nc6 7. O-O Be7 8. Re1 Nxc3 9. bxc3 Qd6 10. a4 Bg4 11. Ba3 Qe6 12. Bxe7 Qxe7 13. Qb1 Qf6 14. Qxb7 Kd7 15. Ng5 Qxg5 16. Qxc6+ Ke7 17. Qxc7+ Kf6 18. Bxa8 Re8 19. Qd6+ Be6 20. Bd5 e4 21. Bxe6 1-0

[Event "Outaouais op"]
[Site "Gatineau CAN"]
[Date "1997.11.02"]
[Round "4"]
[White "Cohen, David"]
[Black "Bachand-Fleurent, Julien"]
[Result "1-0"]
[WhiteElo "1961"]
[BlackElo "1861"]
[PlyCount "127"]
[GameId "2160767911935895"]
[EventDate "1997.10.31"]
[EventType "swiss"]
[EventRounds "5"]
[EventCountry "CAN"]

1. d4 d5 2. c4 c6 3. Nc3 e6 4. Nf3 dxc4 5. e4 b5 6. e5 Bb7 7. Be2 Nd7 8. O-O Bb4 9. Ne4 Nb6 10. Bg5 Qd7 11. Qc2 h6 12. Bh4 Nc8 13. Rad1 Qc7 14. Bg3 Nge7 15. a3 Ba5 16. Nd6+ Kf8 17. Nh4 Qd7 18. Bh5 Nxd6 19. exd6 Nd5 20. Bf3 Bd8 21. Bxd5 cxd5 22. Nf3 Bf6 23. Ne5 Qd8 24. Ng4 Bg5 25. Qc3 h5 26. Ne5 Kg8 27. Qf3 Qf6 28. h4 Qxf3 29. Nxf3 Bf6 30. Ne5 Rd8 31. Rfe1 a5 32. Nf3 g6 33. Be5 Bg7 34. Rc1 Rh7 35. Ng5 Rh8 36. Nf3 Rh6 37. Bf4 Rh7 38. Ng5 Rh8 39. Rcd1 Bc8 40. Nf3 Kf8 41. b3 Rd7 42. bxc4 bxc4 43. Rb1 Bf6 44. Rb8 Kg7 45. Ra8 Rb7 46. Rxa5 Bd7 47. Rc5 Rc8 48. Rc7 Rcxc7 49. dxc7 Bc8 50. a4 Be7 51. Kf1 Kf8 52. a5 Rb5 53. Ra1 Rb7 54. a6 Ra7 55. Rb1 Ke8 56. Rb8 Kd7 57. Ne5+ Kxc7 58. Nxf7+ Kd7 59. Ne5+ Kc7 60. Nxc4+ Kd8 61. Nb6 Rc7 62. Bxc7+ Kxc7 63. Nxc8 Bxh4 64. a7 1-0

[Event "Outaouais op"]
[Site "Gatineau CAN"]
[Date "1997.11.02"]
[Round "4"]
[White "Djerkovic, Miladin"]
[Black "Ferguson, Peter"]
[Result "1-0"]
[WhiteElo "2232"]
[BlackElo "2170"]
[PlyCount "41"]
[GameId "2160767911935896"]
[EventDate "1997.10.31"]
[EventType "swiss"]
[EventRounds "5"]
[EventCountry "CAN"]
[SourceTitle "EXT 2022"]
[Source "ChessBase"]
[SourceDate "2021.10.06"]
[SourceVersion "1"]
[SourceVersionDate "2021.10.06"]
[SourceQuality "1"]

1. e4 g6 2. d4 Bg7 3. Nc3 d6 4. Nf3 c6 5. Be2 Nf6 6. O-O O-O 7. Bg5 h6 8. Bf4 b5 9. e5 Ne8 10. Bd3 b4 11. Ne4 Ba6 12. Qd2 Bxd3 13. cxd3 g5 14. Bxg5 hxg5 15. Qxg5 dxe5 16. dxe5 Qxd3 17. Qh4 f6 18. Rad1 Qb5 19. Neg5 fxg5 20. Nxg5 Rf4 21. Qxf4 1-0

[Event "Outaouais op"]
[Site "Gatineau CAN"]
[Date "1997.11.02"]
[Round "4"]
[White "Provencher, Bernard"]
[Black "Pacey, Kevin"]
[Result "0-1"]
[WhiteElo "1927"]
[BlackElo "2235"]
[PlyCount "66"]
[GameId "2160767911935898"]
[EventDate "1997.10.31"]
[EventType "swiss"]
[EventRounds "5"]
[EventCountry "CAN"]
[SourceTitle "EXT 2022"]
[Source "ChessBase"]
[SourceDate "2021.10.06"]
[SourceVersion "1"]
[SourceVersionDate "2021.10.06"]
[SourceQuality "1"]

1. c4 e6 2. Nc3 d5 3. cxd5 exd5 4. d4 c6 5. Nf3 Bf5 6. Bg5 Qb6 7. Qb3 Nd7 8. Qxb6 axb6 9. e3 b5 10. Bxb5 cxb5 11. Nxb5 Rc8 12. O-O f6 13. Bf4 Bd3 14. Nc7+ Rxc7 15. Bxc7 Bxf1 16. Kxf1 Ne7 17. b4 Nc8 18. b5 Bd6 19. Bxd6 Nxd6 20. a4 Ke7 21. Nd2 Rc8 22. Ke2 Rc3 23. g4 Nc4 24. Nxc4 Rxc4 25. Kd3 b6 26. e4 Rc7 27. exd5 Ra7 28. Ke4 Kd6 29. h4 f5+ 30. Kxf5 Kxd5 31. h5 Nf8 32. h6 gxh6 33. Rh1 Rf7# 0-1

[Event "Outaouais op"]
[Site "Gatineau CAN"]
[Date "1997.11.02"]
[Round "5"]
[White "Bussiere, Denis"]
[Black "Rodgers, Ron"]
[Result "0-1"]
[WhiteElo "1542"]
[BlackElo "2107"]
[PlyCount "112"]
[GameId "2160767911935899"]
[EventDate "1997.10.31"]
[EventType "swiss"]
[EventRounds "5"]
[EventCountry "CAN"]
[SourceTitle "EXT 2022"]
[Source "ChessBase"]
[SourceDate "2021.10.06"]
[SourceVersion "1"]
[SourceVersionDate "2021.10.06"]
[SourceQuality "1"]

1. e4 e5 2. Nc3 Nf6 3. g3 d5 4. exd5 Nxd5 5. Bg2 Be6 6. Nf3 Nc6 7. O-O Be7 8. Re1 Nxc3 9. bxc3 Bf6 10. Ba3 Qd7 11. d4 O-O-O 12. Qb1 exd4 13. cxd4 Bd5 14. c3 Rhe8 15. Rxe8 Rxe8 16. Qf1 Na5 17. Bh3 Be6 18. Bxe6 Rxe6 19. Bb4 Qd5 20. Nd2 Nc6 21. Bc5 Qf5 22. Qb1 Qxb1+ 23. Rxb1 Re2 24. Rd1 b6 25. Bf8 Nxd4 26. cxd4 Bxd4 27. Nf3 Bxf2+ 28. Kh1 Rxa2 29. Bxg7 c5 30. Ng5 b5 31. Nxh7 Kc7 32. Be5+ Kb6 33. h4 c4 34. h5 Re2 35. Nf6 Be3 36. Bd4+ Bxd4 37. Rxd4 c3 38. Nd5+ Kc5 39. Rd1 c2 40. Rc1 Kxd5 41. h6 Re6 42. Rxc2 Rxh6+ 43. Kg2 Rc6 44. Rd2+ Ke6 45. Re2+ Kd7 46. Rd2+ Rd6 47. Rf2 f6 48. Ra2 a6 49. Kf3 Kc7 50. Ke4 Kb6 51. Kf5 b4 52. Kg6 a5 53. Rf2 b3 54. g4 a4 55. Rf4 Kb5 56. Rf5+ Kb4 0-1

[Event "Outaouais op"]
[Site "Gatineau CAN"]
[Date "1997.11.02"]
[Round "5"]
[White "Goldenberg, Danny"]
[Black "Djerkovic, Miladin"]
[Result "1/2-1/2"]
[WhiteElo "2281"]
[BlackElo "2232"]
[PlyCount "46"]
[GameId "2160767911935900"]
[EventDate "1997.10.31"]
[EventType "swiss"]
[EventRounds "5"]
[EventCountry "CAN"]
[SourceTitle "EXT 2022"]
[Source "ChessBase"]
[SourceDate "2021.10.06"]
[SourceVersion "1"]
[SourceVersionDate "2021.10.06"]
[SourceQuality "1"]

1. e4 e5 2. Nf3 Nc6 3. Bc4 Bc5 4. O-O Nf6 5. d3 d6 6. c3 O-O 7. Nbd2 Bb6 8. Bb3 Ne7 9. h3 Ng6 10. Re1 Be6 11. Bc2 h6 12. Nf1 Nh5 13. Be3 Nhf4 14. Ng3 Qd7 15. Ne2 Nxe2+ 16. Qxe2 f5 17. d4 f4 18. Bd2 Qe7 19. Bb3 Bxb3 20. axb3 Nh4 21. d5 Nxf3+ 22. Qxf3 Rf6 23. c4 g5 1/2-1/2

[Event "Outaouais op"]
[Site "Gatineau CAN"]
[Date "1997.11.02"]
[Round "5"]
[White "Mahabir, Hugh"]
[Black "Cohen, David"]
[Result "1/2-1/2"]
[WhiteElo "2023"]
[BlackElo "1961"]
[PlyCount "96"]
[GameId "2160767911935901"]
[EventDate "1997.10.31"]
[EventType "swiss"]
[EventRounds "5"]
[EventCountry "CAN"]

1. d4 Nf6 2. e3 d5 3. Bd3 c5 4. c3 cxd4 5. exd4 Nc6 6. Nf3 Bg4 7. O-O e6 8. Nbd2 Be7 9. Re1 O-O 10. Nf1 Qc7 11. h3 Bh5 12. Ng3 Bg6 13. Bxg6 hxg6 14. Ne5 Bd6 15. f4 Rfe8 16. Qf3 Rac8 17. Bd2 Na5 18. h4 Nc4 19. Bc1 b5 20. h5 gxh5 21. Nxh5 Nxh5 22. Qxh5 b4 23. Nxc4 Qxc4 24. Bd2 bxc3 25. bxc3 Qd3 26. Qe2 Qxe2 27. Rxe2 Rb8 28. g3 Rb2 29. Kf2 Reb8 30. Be1 Kf8 31. Ke3 Ke7 32. Kd3 Rxe2 33. Kxe2 Rb2+ 34. Kd3 Rg2 35. Ke3 Kf6 36. Bf2 Rh2 37. Rb1 Rh8 38. Rb7 Ra8 39. Be1 a5 40. Kd3 a4 41. Rd7 Bf8 42. Rb7 Rc8 43. Ra7 Rc4 44. Bd2 Ba3 45. Rb7 Kg6 46. g4 Rc8 47. Ra7 Rc4 48. Ra5 Bb2 1/2-1/2

[Event "Outaouais op"]
[Site "Gatineau CAN"]
[Date "1997.11.02"]
[Round "5"]
[White "Pacey, Kevin"]
[Black "Cote, Jacques"]
[Result "0-1"]
[WhiteElo "2314"]
[BlackElo "2042"]
[PlyCount "104"]
[GameId "2160767911935902"]
[EventDate "1997.10.31"]
[EventType "swiss"]
[EventRounds "5"]
[EventCountry "CAN"]
[SourceTitle "EXT 2022"]
[Source "ChessBase"]
[SourceDate "2021.10.06"]
[SourceVersion "1"]
[SourceVersionDate "2021.10.06"]
[SourceQuality "1"]

1. e4 e5 2. Nf3 Nc6 3. Bc4 Bc5 4. Nc3 Nf6 5. d3 d6 6. Na4 O-O 7. Nxc5 dxc5 8. Be3 Qd6 9. Qd2 Bg4 10. Nh4 Rad8 11. f3 Bc8 12. Nf5 Bxf5 13. exf5 Nd4 14. Qf2 Nd5 15. Bxd5 Qxd5 16. O-O Nxf5 17. Bxc5 Rfe8 18. Ba3 b6 19. Rfd1 Re6 20. b3 Qd4 21. Rac1 Rd5 22. Qxd4 Nxd4 23. Rd2 Ra5 24. Bb4 Rxa2 25. Bc3 Nb5 26. Bb4 a5 27. c4 Rxd2 28. Bxd2 Nd4 29. Rb1 Nc6 30. Kf2 Rd6 31. Ke3 f5 32. g3 f4+ 33. gxf4 exf4+ 34. Ke4 Rd4+ 35. Kf5 Rxd3 36. Bxf4 Nd4+ 37. Ke4 Rxb3 38. Rxb3 Nxb3 39. Bxc7 a4 40. Bxb6 a3 41. Bc7 a2 42. Be5 a1=Q 43. Bxa1 Nxa1 44. c5 Kf7 45. c6 Ke6 46. c7 Kd7 47. Ke5 Nb3 48. c8=Q+ Kxc8 49. Ke6 Nd4+ 50. Kf7 g5 51. Kg7 Nxf3 52. Kh6 g4 0-1

[Event "Outaouais-ch A"]
[Site "Hull CAN"]
[Date "1997.05.24"]
[Round "1"]
[White "Charbonneau, Alain"]
[Black "Laurin, Jacques"]
[Result "1-0"]
[WhiteElo "1843"]
[BlackElo "1882"]
[PlyCount "74"]
[GameId "2160767911965749"]
[EventDate "1997.05.24"]
[EventType "tourn"]
[EventRounds "7"]
[EventCountry "CAN"]

1. d4 Nf6 2. c4 g6 3. Nf3 Bg7 4. Nc3 c5 5. e4 cxd4 6. Nxd4 O-O 7. Be2 d6 8. O-O Nbd7 9. Be3 Nc5 10. f3 Ne8 11. Qd2 f5 12. exf5 Bxf5 13. Bh6 Bd7 14. Bxg7 Kxg7 15. Kh1 e5 16. Ndb5 Bc6 17. Rad1 Rf6 18. b4 Nd7 19. Na3 b6 20. Nc2 Rc8 21. Ne3 Rf4 22. Ned5 Bxd5 23. Nxd5 Rh4 24. f4 Ndf6 25. Nxf6 Qxf6 26. g3 Rh6 27. fxe5 Qxe5 28. Qd4 Nf6 29. Qxe5 dxe5 30. Kg2 Ne4 31. Rc1 Rc7 32. Bd3 Nf6 33. c5 Ng4 34. cxb6 Rxh2+ 35. Kf3 Rxc1 36. Rxc1 axb6 37. Kxg4 Rxa2 1-0